000 00850nam a2200265Ia 4500
003 OSt
005 20221005104548.0
006 a|||||r|||| 00| 0
007 ta
008 221004b |||||||| |||| 00| 0 hin d
020 _a9788170280057
024 _a32540
037 _cTextual
040 _aCRL
_cCRL
_bhin
041 _2hin
_ahin
082 _aO152,3N161,NB, L8
100 _aनागर, अमृतलाल
245 0 _aनाच्यौ बहुत गोपाल
246 _aNāchyau bahut gopāla
260 _aदिल्ली
_bराजपाल एण्ड सन्ज़ भारत
_c1978
300 _a328पृ.
_ccm.
650 _aहिन्दी कहानी
942 _hO152,3N161,NB, L8
_cTEXL
_2cc
999 _c1013100
_d1013100